[Event "Bhubaneswar op-A 14th"]
[Site "Bhubaneswar"]
[Date "2023.06.13"]
[Round "4"]
[White "Adhiraj, Mitra"]
[Black "Harshit, Ranjan Sahu"]
[Result "1-0"]
[WhiteElo "1567"]
[BlackElo "1852"]
[PlyCount "107"]
[EventDate "2023.06.11"]
[EventType "swiss"]
[EventRounds "10"]
[EventCountry "IND"]
[SourceTitle "CBM 214 Extra"]
[Source "ChessBase"]
[SourceDate "2023.07.31"]
[SourceVersion "1"]
[SourceVersionDate "2023.07.31"]
[SourceQuality "1"]

1. e4 c5 2. Nf3 d6 3. d4 cxd4 4. Nxd4 Nf6 5. Nc3 g6 6. Be3 Bg7 7. f3 0-0 8. Qd2 Nc6 9. Bc4 Bd7 10. 0-0-0 Rc8 11. Bb3 Ne5 12. Kb1 a6 13. h4 h5 14. Bh6 b5 15. Bxg7 Kxg7 16. g4 Rh8 17. g5 Ne8 18. f4 Nc4 19. Bxc4 bxc4 20. f5 e5 21. fxe6 fxe6 22. Rhf1 Qe7 23. Rde1 Rf8 24. Qe2 Rc5 25. Rxf8 Qxf8 26. Na4 Rc7 27. Nb6 Qe7 28. Rf1 Kg8 29. Qf2 Ng7 30. Qf6 Be8 31. Qxe7 Rxe7 32. Nc8 Rd7 33. Nc6 d5 34. N6e7+ Kh7 35. exd5 exd5 36. Rf8 Rd8 37. Ng8 Nf5 38. Nf6+ Kg7 39. Rxe8 Rxe8 40. Nxe8+ Kf8 41. Nf6 Nxh4 42. Nxd5 Nf3 43. Nf4 Kg7 44. Nh3 Kf7 45. Nd6+ Ke6 46. Nxc4 Kf5 47. Ne3+ Ke4 48. Nd1 Ne5 49. Kc1 Kf3 50. Kd2 Nc4+ 51. Kd3 Ne5+ 52. Kd4 Ng4 53. c4 Kg3 54. c5 1-0

[Event "Bhubaneswar op-A 14th"]
[Site "Bhubaneswar"]
[Date "2023.06.13"]
[Round "3"]
[White "Harshit, Ranjan Sahu"]
[Black "Kalyani, Sirin"]
[Result "1-0"]
[WhiteElo "1852"]
[BlackElo "1660"]
[PlyCount "137"]
[EventDate "2023.06.11"]
[EventType "swiss"]
[EventRounds "10"]
[EventCountry "IND"]
[SourceTitle "CBM 214 Extra"]
[Source "ChessBase"]
[SourceDate "2023.07.31"]
[SourceVersion "1"]
[SourceVersionDate "2023.07.31"]
[SourceQuality "1"]

1. e4 e5 2. Nf3 Nc6 3. d4 exd4 4. Bc4 Nf6 5. e5 d5 6. Bb5 Ne4 7. Nxd4 Bd7 8. Bxc6 bxc6 9. 0-0 Bc5 10. f3 Ng5 11. Be3 Bb6 12. f4 Ne4 13. Nd2 Nxd2 14. Qxd2 c5 15. Nf3 d4 16. Bf2 Bc6 17. f5 Qd5 18. Qg5 h6 19. Qxg7 0-0-0 20. Qf6 Rhg8 21. Bg3 c4 22. Kh1 d3 23. cxd3 cxd3 24. Rad1 Be3 25. e6 fxe6 26. fxe6 Rdf8 27. Qe5 Qxe5 28. Nxe5 Rxf1+ 29. Rxf1 Bb5 30. a4 Ba6 31. Nxd3 Re8 32. Re1 Bd2 33. Rd1 Be3 34. Nb4 Bc4 35. Nc6 Bxe6 36. Rd3 Rf8 37. Rd1 Bb3 38. Re1 Bd2 39. Ra1 Bxa4 40. Ne7+ Kb7 41. Nd5 c6 42. Nc3 Bc2 43. h4 Rf5 44. Kh2 h5 45. Ne2 c5 46. Ra3 a5 47. Ng1 Rf1 48. Nf3 Bb4 49. Re3 Rb1 50. Re7+ Ka6 51. Be5 a4 52. Re6+ Kb5 53. Rh6 Kc4 54. Rxh5 Kb3 55. Rh8 Be4 56. Rb8 Bxf3 57. gxf3 a3 58. bxa3 Kxa3 59. h5 Re1 60. f4 c4 61. h6 Re2+ 62. Kh3 Re1 63. Kg2 Re2+ 64. Kg3 Be1+ 65. Kh3 Re3+ 66. Kg2 Rg3+ 67. Kf1 Rh3 68. Kxe1 Rxh6 69. Kd2 1-0

[Event "IND-ch U17"]
[Site "Bhubaneswar"]
[Date "2022.07.05"]
[Round "7"]
[White "Harshit, Ranjan Sahu"]
[Black "Mayank, Chakraborty"]
[Result "0-1"]
[WhiteElo "1835"]
[BlackElo "2069"]
[PlyCount "102"]
[EventDate "2022.07.01"]
[EventType "swiss"]
[EventRounds "11"]
[EventCountry "IND"]
[SourceTitle "EXT 2023"]
[Source "ChessBase"]
[SourceDate "2022.10.05"]
[SourceVersion "1"]
[SourceVersionDate "2022.10.05"]
[SourceQuality "1"]

1. e4 c5 2. Nc3 Nc6 3. f4 d6 4. Nf3 g6 5. Bc4 Bg7 6. 0-0 Nf6 7. d3 0-0 8. Qe1 Nd4 9. Nxd4 cxd4 10. Nd5 Nxd5 11. Bxd5 e6 12. Bb3 Bd7 13. Bd2 Qc7 14. Rf3 a5 15. a4 d5 16. exd5 exd5 17. Qh4 Rae8 18. Rf2 Qc5 19. Qg3 f5 20. Qf3 Bc6 21. Re2 Rxe2 22. Qxe2 Re8 23. Qf2 b6 24. Re1 Rxe1+ 25. Qxe1 Qd6 26. Qe2 h5 27. h4 Kh7 28. g3 Qd7 29. Qg2 Bxa4 30. Bxd5 Bxc2 31. Bc4 Ba4 32. Qa8 Kh6 33. Qg8 b5 34. Be6 Qc6 35. b3 Qf3 36. Be1 Qd1 37. Kf2 Qxd3 38. Bxa5 Qc2+ 39. Kg1 d3 40. Qd8 Bxb3 41. Bxb3 Qxb3 42. Kh1 Qb1+ 43. Kg2 b4 44. g4 Qc2+ 45. Kg3 hxg4 46. h5 Qc6 47. Qg5+ Kh7 48. hxg6+ Qxg6 49. Qd8 Qh5 50. Bxb4 Qh3+ 51. Kf2 Qh2+ 0-1

[Event "IND-ch U17"]
[Site "Bhubaneswar"]
[Date "2022.07.04"]
[Round "6"]
[White "Arul Anandh, SPK"]
[Black "Harshit, Ranjan Sahu"]
[Result "0-1"]
[WhiteElo "1790"]
[BlackElo "1835"]
[PlyCount "150"]
[EventDate "2022.07.01"]
[EventType "swiss"]
[EventRounds "11"]
[EventCountry "IND"]
[SourceTitle "EXT 2023"]
[Source "ChessBase"]
[SourceDate "2022.10.05"]
[SourceVersion "1"]
[SourceVersionDate "2022.10.05"]
[SourceQuality "1"]

1. e4 c5 2. Nc3 Nc6 3. g3 g6 4. Bg2 Bg7 5. Nge2 e6 6. d3 Nge7 7. Be3 d6 8. Qd2 Nd4 9. 0-0 0-0 10. f4 Rb8 11. Bf2 Nec6 12. Nd1 b5 13. Nc1 b4 14. c3 Nb5 15. e5 Na5 16. cxb4 cxb4 17. Qxb4 Bb7 18. Bxb7 Rxb7 19. a4 Nc6 20. Qc4 Na5 21. Qc2 Nc7 22. b4 Rxb4 23. Be1 Nd5 24. Bxb4 Nxb4 25. Qd2 Nbc6 26. Rb1 dxe5 27. Ne2 Qd6 28. Nf2 Nc4 29. Qc1 Nb6 30. Qc2 exf4 31. Nxf4 Nd4 32. Qd1 f5 33. Ng2 Nd5 34. Rb7 Be5 35. Kh1 Qc6 36. Qb1 Ne3 37. Rg1 Rc8 38. Nd1 Nxg2 39. Rxg2 Qf3 40. Rbb2 Qc6 41. Rbf2 Qxa4 42. Ne3 Rb8 43. Qe1 Qc6 44. Nc4 Bc7 45. Qa1 e5 46. h4 a6 47. Ra2 Qf3 48. Raf2 Qxd3 49. Nb2 Qb5 50. Qa2+ Kg7 51. Qa3 Re8 52. Qc3 Ba5 53. Qe3 Bb6 54. Qc3 Ne6 55. Re2 Bd4 56. Qa3 f4 57. Nd1 Qd5 58. Qa4 Re7 59. Rd2 Nc5 60. Qa5 Qd7 61. Kh2 Nb3 62. Qa2 Nxd2 63. Qxd2 fxg3+ 64. Kxg3 e4 65. h5 Be5+ 66. Kh4 Qxd2 67. Rxd2 e3 68. Re2 Bd4 69. Kg4 gxh5+ 70. Kxh5 Re5+ 71. Kg4 a5 72. Kf4 a4 73. Kf3 a3 74. Rg2+ Kf6 75. Re2 Ke6 0-1

[Event "IND-ch U17"]
[Site "Bhubaneswar"]
[Date "2022.07.03"]
[Round "4"]
[White "Harshit, Ranjan Sahu"]
[Black "Harsh, Suresh"]
[Result "0-1"]
[WhiteElo "1835"]
[BlackElo "2321"]
[PlyCount "55"]
[EventDate "2022.07.01"]
[EventType "swiss"]
[EventRounds "11"]
[EventCountry "IND"]
[SourceTitle "EXT 2023"]
[Source "ChessBase"]
[SourceDate "2022.10.05"]
[SourceVersion "1"]
[SourceVersionDate "2022.10.05"]
[SourceQuality "1"]

1. e4 g6 2. d4 Nf6 3. Nc3 d5 4. e5 Ne4 5. Nxe4 dxe4 6. c3 Bg7 7. Bc4 c5 8. Be3 cxd4 9. cxd4 Nc6 10. Qd2 0-0 11. Ne2 Na5 12. Bb5 a6 13. Ba4 b5 14. Bb3 Nxb3 15. axb3 f6 16. exf6 exf6 17. Bh6 Bxh6 18. Qxh6 Be6 19. Qe3 Qd5 20. b4 Qc4 21. 0-0 Qxb4 22. Nf4 Bc4 23. Rfd1 f5 24. d5 Qxb2 25. Ne6 Rfc8 26. Rac1 Qe5 27. f4 Qf6 28. Nc5 0-1

[Event "Bhubaneswar Pillai Memorial"]
[Site "Bhubaneswar"]
[Date "2016.11.21"]
[Round "3"]
[White "Mohapatra, GC."]
[Black "Harshit, Ranjan Sahu"]
[Result "0-1"]
[WhiteElo "1902"]
[BlackElo "1620"]
[PlyCount "104"]
[EventDate "2016.11.20"]
[EventType "swiss"]
[EventRounds "11"]
[EventCountry "IND"]
[SourceTitle "CBM 175 Extra"]
[Source "ChessBase"]
[SourceDate "2016.12.12"]
[SourceVersion "1"]
[SourceVersionDate "2016.12.12"]
[SourceQuality "1"]

1. d4 d5 2. c4 e6 3. Nf3 Nf6 4. Bg5 b6 5. cxd5 exd5 6. e3 Bb7 7. Nc3 g6 8. Bb5+ c6 9. Bd3 Bg7 10. 0-0 0-0 11. h3 Nbd7 12. Qe2 Re8 13. Rac1 Re6 14. Rfe1 Qe8 15. Bf4 h6 16. Qc2 Rc8 17. Qa4 a5 18. Qd1 Qe7 19. Qd2 Re8 20. Bh2 g5 21. Ne5 Ne4 22. Nxe4 dxe4 23. Bxe4 Nxe5 24. dxe5 Rd8 25. Qe2 Bxe5 26. Bxe5 Rxe5 27. Bxc6 Bxc6 28. Rxc6 Re6 29. Qc2 Qb4 30. Rc3 Red6 31. a3 Qb5 32. Rc8 Qe5 33. Rxd8+ Rxd8 34. Qc3 Qxc3 35. bxc3 Rd3 36. Rc1 Kg7 37. Kf1 Rd2 38. Rb1 Rc2 39. Rb3 a4 40. Rb4 b5 41. Rxb5 Rxc3 42. Ra5 Rxa3 43. Ke2 Ra2+ 44. Kf3 Kg6 45. g4 a3 46. Ra6+ Kg7 47. e4 Ra1 48. e5 a2 49. Ke2 Kf8 50. Ra7 Ke8 51. Kd2 Rf1 52. Ke2 a1Q 0-1

[Event "IND-ch U11 30th"]
[Site "India"]
[Date "2016.07.05"]
[Round "10"]
[White "Harshit, Ranjan Sahu"]
[Black "Shah, Jeet"]
[Result "1-0"]
[WhiteElo "1433"]
[BlackElo "1661"]
[PlyCount "87"]
[EventDate "2016.06.28"]
[EventType "swiss"]
[EventRounds "11"]
[EventCountry "IND"]
[SourceTitle "CBM 173 Extra"]
[Source "ChessBase"]
[SourceDate "2016.08.29"]
[SourceVersion "1"]
[SourceVersionDate "2016.08.29"]
[SourceQuality "1"]

1. e4 e5 2. Nf3 Nc6 3. Bb5 a6 4. Ba4 Nf6 5. 0-0 Be7 6. Re1 b5 7. Bb3 0-0 8. h3 d6 9. c3 Na5 10. Bc2 c5 11. d4 Qc7 12. Nbd2 Bd7 13. Nf1 Rac8 14. d5 c4 15. Be3 Nb7 16. Ng3 Nc5 17. Qd2 Rfe8 18. Nh2 h6 19. f4 Nh7 20. Rad1 exf4 21. Bxf4 Bg5 22. Nf3 Qd8 23. Nxg5 Nxg5 24. Kh1 Qf6 25. e5 dxe5 26. Nh5 Qd8 27. Bxe5 f6 28. Bf4 Nge4 29. Qd4 Bf5 30. d6 Qd7 31. Bxe4 Nxe4 32. Bxh6 gxh6 33. Rxe4 Rxe4 34. Nxf6+ Kf7 35. Nxe4 Qe6 36. Rf1 Kg6 37. d7 Rd8 38. Nc5 Qc6 39. Rd1 Kh7 40. Qd6 Qxd6 41. Rxd6 Kg7 42. g4 Bxd7 43. Rxd7+ Rxd7 44. Nxd7 1-0

[Event "IND-ch U11 30th"]
[Site "India"]
[Date "2016.07.02"]
[Round "7"]
[White "Dhrupad, Kashyap"]
[Black "Harshit, Ranjan Sahu"]
[Result "0-1"]
[WhiteElo "1608"]
[BlackElo "1433"]
[PlyCount "70"]
[EventDate "2016.06.28"]
[EventType "swiss"]
[EventRounds "11"]
[EventCountry "IND"]
[SourceTitle "CBM 173 Extra"]
[Source "ChessBase"]
[SourceDate "2016.08.29"]
[SourceVersion "1"]
[SourceVersionDate "2016.08.29"]
[SourceQuality "1"]

1. e4 e5 2. Nf3 Nc6 3. Bc4 Nf6 4. d4 exd4 5. 0-0 Nxe4 6. Re1 d5 7. Bxd5 Qxd5 8. Nc3 Qa5 9. Nxe4 Be6 10. Neg5 0-0-0 11. Nxe6 fxe6 12. Rxe6 Bd6 13. Bg5 Rde8 14. Qe2 Kd7 15. Rxe8 Rxe8 16. Qc4 Ne5 17. Nxe5+ Qxe5 18. Qf7+ Kc8 19. g3 Rf8 20. Qh5 Qf5 21. Qh4 Qxf2+ 22. Kh1 Qf3+ 23. Kg1 Bc5 24. b4 Bb6 25. Qh3+ Kb8 26. Qg2 d3+ 27. Kh1 Qxg2+ 28. Kxg2 dxc2 29. Bf4 Rxf4 30. Re1 Rf2+ 31. Kh3 a6 32. Kg4 Be3 33. a4 c1Q 34. Rxc1 Bxc1 35. a5 Kc8 0-1